[Event "Russian Women's Higher League 2021"]
[Site "?"]
[Date "2021.06.28"]
[Round "3.6"]
[White "Gritsayeva, Oksana"]
[Black "Nasyrova, Ekaterina"]
[Result "1/2-1/2"]
[WhiteElo "2332"]
[BlackElo "2149"]
[Annotator ""]
[Source ""]
[Remark ""]

1.d4 {[%clk 1:30:57]} d5 {[%clk 1:30:49]} 2.c4 {[%clk 1:31:21]}
e6 {[%clk 1:31:10]} 3.Nc3 {[%clk 1:31:45]} Nf6 {[%clk 1:31:30]}
4.cxd5 {[%clk 1:31:51]} exd5 {[%clk 1:31:51]} 5.Bg5 {[%clk 1:32:15]}
Be7 {[%clk 1:32:04]} 6.e3 {[%clk 1:32:40]} c6 {[%clk 1:32:24]}
7.Bd3 {[%clk 1:32:37]} O-O {[%clk 1:32:35]} 8.Nge2 {[%clk 1:32:40]}
Re8 {[%clk 1:31:54]} 9.O-O {[%clk 1:32:39]} Nbd7 {[%clk 1:30:53]}
10.Qc2 {[%clk 1:31:26]} Nf8 {[%clk 1:31:02]} 11.a3 {[%clk 1:29:54]}
g6 {[%clk 1:30:33]} 12.b4 {[%clk 1:21:46]} Ne6 {[%clk 1:26:50]}
13.Bh4 {[%clk 1:20:25]} b6 {[%clk 1:19:49]} 14.Qb3 {[%clk 1:15:03]}
Bb7 {[%clk 1:06:41]} 15.a4 {[%clk 1:09:28]} Rb8 {[%clk 1:02:10]}
16.Rfd1 {[%clk 1:05:57]} Ba8 {[%clk 0:45:55]} 17.Rab1 {[%clk 1:00:37]}
a5 {[%clk 0:41:10]} 18.b5 {[%clk 0:57:24]} c5 {[%clk 0:32:11]}
19.dxc5 {[%clk 0:55:48]} bxc5 {[%clk 0:31:49]} 20.Bxf6 {[%clk 0:53:23]}
Bxf6 {[%clk 0:31:54]} 21.Be4 {[%clk 0:52:23]} d4 {[%clk 0:17:28]}
22.Bxa8 {[%clk 0:50:20]} Rxa8 {[%clk 0:17:50]} 23.Qc4 {[%clk 0:40:48]}
Be5 {[%clk 0:14:37]} 24.Nd5 {[%clk 0:38:37]} dxe3 {[%clk 0:10:41]}
25.Nxe3 {[%clk 0:38:09]} Nd4 {[%clk 0:10:53]} 26.g3 {[%clk 0:21:03]}
Qf6 {[%clk 0:06:06]} 27.Nxd4 {[%clk 0:12:08]} Bxd4 {[%clk 0:06:07]}
28.Rf1 {[%clk 0:10:14]} h5 {[%clk 0:03:03]} 29.Kg2 {[%clk 0:08:49]}
h4 {[%clk 0:02:40]} 30.Nc2 {[%clk 0:08:05]} Rad8 {[%clk 0:01:46]}
31.Rbd1 {[%clk 0:07:27]} Qf5 {[%clk 0:01:17]} 32.f3 {[%clk 0:05:19]}
h3+ {[%clk 0:00:48]} 33.Kh1 {[%clk 0:05:46]} Bf6 {[%clk 0:01:05]}
34.Rxd8 {[%clk 0:05:20]} Bxd8 {[%clk 0:01:08]} 35.Kg1 {[%clk 0:03:57]}
Bf6 {[%clk 0:01:14]} 36.Kf2 {[%clk 0:03:27]} Rd8 {[%clk 0:01:15]}
37.Re1 {[%clk 0:03:14]} Bd4+ {[%clk 0:00:40]} 38.Nxd4 {[%clk 0:03:26]}
cxd4 {[%clk 0:00:42]} 39.Qc7 {[%clk 0:03:03]} Rc8 {[%clk 0:00:52]}
40.g4 {[%clk 0:31:55]} Rxc7 {[%clk 0:30:36]} 41.gxf5 {[%clk 0:32:20]}
Rc2+ {[%clk 0:22:00]} 42.Kg3 {[%clk 0:31:44]} d3 {[%clk 0:21:59]}
43.fxg6 {[%clk 0:30:38]} fxg6 {[%clk 0:22:03]} 44.Rd1 {[%clk 0:25:51]}
d2 {[%clk 0:20:10]} 45.Kxh3 {[%clk 0:25:26]} Kf7 {[%clk 0:18:44]}
46.Kg3 {[%clk 0:25:16]} Ke6 {[%clk 0:18:37]} 47.Kf2 {[%clk 0:22:49]}
Ra2 {[%clk 0:16:29]} 48.Ke2 {[%clk 0:21:49]} Rxa4 {[%clk 0:16:38]}
49.Rb1 {[%clk 0:20:38]} Kd7 {[%clk 0:15:41]} 50.Kxd2 {[%clk 0:19:40]}
Kc7 {[%clk 0:10:00]} 51.Ke3 {[%clk 0:10:51]} Rh4 {[%clk 0:07:44]}
52.b6+ {[%clk 0:05:57]} Kb7 {[%clk 0:08:05]} 53.Rb2 {[%clk 0:05:04]}
a4 {[%clk 0:07:37]} 54.Kd3 {[%clk 0:04:31]} a3 {[%clk 0:07:10]}
55.Ra2 {[%clk 0:04:45]} Ra4 {[%clk 0:07:13]} 56.Kc3 {[%clk 0:04:50]}
Kxb6 {[%clk 0:06:21]} 57.h4 {[%clk 0:04:01]} Kc5 {[%clk 0:04:34]}
58.Kb3 {[%clk 0:04:14]} Rxh4 {[%clk 0:04:12]} 59.Rg2 {[%clk 0:03:50]}
Rf4 {[%clk 0:04:06]} 1/2-1/2

[Event "Russian Women's Higher League 2021"]
[Site "?"]
[Date "2021.06.28"]
[Round "3.7"]
[White "Chernyak, Viktoria"]
[Black "Afonasieva, Anna"]
[Result "1/2-1/2"]
[WhiteElo "2315"]
[BlackElo "2323"]
[Annotator ""]
[Source ""]
[Remark ""]

1.Nf3 {[%clk 1:30:58]} d5 {[%clk 1:30:19]} 2.e3 {[%clk 1:31:22]}
Nf6 {[%clk 1:30:38]} 3.c4 {[%clk 1:31:48]} c6 {[%clk 1:29:26]}
4.Nc3 {[%clk 1:31:52]} e6 {[%clk 1:29:42]} 5.b3 {[%clk 1:32:07]}
Bd6 {[%clk 1:29:23]} 6.Bb2 {[%clk 1:31:00]} O-O {[%clk 1:29:41]}
7.Qc2 {[%clk 1:29:03]} Nbd7 {[%clk 1:28:57]} 8.Be2 {[%clk 1:28:02]}
Qe7 {[%clk 1:27:24]} 9.d4 {[%clk 1:23:29]} b6 {[%clk 1:20:22]}
10.O-O {[%clk 1:22:00]} Bb7 {[%clk 1:19:49]} 11.Rfd1 {[%clk 1:18:04]}
Rac8 {[%clk 1:17:52]} 12.Rac1 {[%clk 1:18:20]} Rfd8 {[%clk 1:17:39]}
13.h3 {[%clk 1:16:35]} c5 {[%clk 1:12:52]} 14.cxd5 {[%clk 1:05:57]}
exd5 {[%clk 1:11:48]} 15.Qf5 {[%clk 1:00:48]} h6 {[%clk 1:02:48]}
16.Bb5 {[%clk 0:50:16]} a6 {[%clk 0:55:47]} 17.Bxd7 {[%clk 0:47:25]}
Qxd7 {[%clk 0:53:54]} 18.Qxd7 {[%clk 0:46:31]} Nxd7 {[%clk 0:54:12]}
19.dxc5 {[%clk 0:46:27]} Nxc5 {[%clk 0:54:36]} 20.Nd4 {[%clk 0:46:11]}
g6 {[%clk 0:53:14]} 21.Nce2 {[%clk 0:34:07]} Be5 {[%clk 0:48:14]}
22.g4 {[%clk 0:31:44]} a5 {[%clk 0:46:52]} 23.Rc2 {[%clk 0:25:12]}
Bg7 {[%clk 0:32:57]} 24.Kg2 {[%clk 0:21:53]} Ne6 {[%clk 0:28:47]}
25.Rdc1 {[%clk 0:20:34]} Rxc2 {[%clk 0:27:13]} 26.Rxc2 {[%clk 0:20:59]}
Rc8 {[%clk 0:27:05]} 27.Rxc8+ {[%clk 0:18:05]} Bxc8 {[%clk 0:27:30]}
28.Ba3 {[%clk 0:14:50]} Ba6 {[%clk 0:25:47]} 29.Bd6 {[%clk 0:14:37]}
Bf8 {[%clk 0:22:20]} 30.Bxf8 {[%clk 0:08:22]} Kxf8 {[%clk 0:22:33]}
31.Nc3 {[%clk 0:08:31]} Nc7 {[%clk 0:20:59]} 32.Kg3 {[%clk 0:08:18]}
Ke7 {[%clk 0:20:38]} 33.h4 {[%clk 0:08:21]} Bd3 {[%clk 0:19:07]}
34.Kf4 {[%clk 0:06:53]} Kd6 {[%clk 0:18:14]} 35.Kg3 {[%clk 0:03:30]}
b5 {[%clk 0:17:49]} 36.a3 {[%clk 0:03:55]} Kc5 {[%clk 0:16:15]}
37.Kf4 {[%clk 0:03:58]} b4 {[%clk 0:13:24]} 38.Na4+ {[%clk 0:02:43]}
Kd6 {[%clk 0:13:45]} 39.axb4 {[%clk 0:03:07]} axb4 {[%clk 0:14:07]}
40.Kf3 {[%clk 0:32:08]} Ne6 {[%clk 0:42:03]} 41.Kg3 {[%clk 0:27:31]}
Bb1 {[%clk 0:40:07]} 42.Nb5+ {[%clk 0:26:05]} Kd7 {[%clk 0:37:17]}
43.Nd4 {[%clk 0:25:51]} Ba2 {[%clk 0:25:47]} 44.Nb2 {[%clk 0:21:55]}
Nxd4 {[%clk 0:19:44]} 45.exd4 {[%clk 0:22:24]} Bxb3 {[%clk 0:18:54]}
46.Nd3 {[%clk 0:22:51]} Kc6 {[%clk 0:19:16]} 47.Nxb4+ {[%clk 0:21:54]}
Kb5 {[%clk 0:19:39]} 48.Nd3 {[%clk 0:22:20]} Kc4 {[%clk 0:19:59]}
49.Ne5+ {[%clk 0:17:21]} Kxd4 {[%clk 0:20:24]} 50.Nxf7 {[%clk 0:17:25]}
h5 {[%clk 0:13:49]} 51.Kf4 {[%clk 0:15:00]} Bd1 {[%clk 0:09:14]}
52.f3 {[%clk 0:13:51]} Kc3 {[%clk 0:09:18]} 53.Ne5 {[%clk 0:13:28]}
d4 {[%clk 0:06:21]} 54.gxh5 {[%clk 0:12:57]} gxh5 {[%clk 0:06:35]}
55.Kg5 {[%clk 0:13:24]} d3 {[%clk 0:06:45]} 56.Nxd3 {[%clk 0:13:49]}
Kxd3 {[%clk 0:07:11]} 57.Kxh5 {[%clk 0:14:17]} Bxf3+ {[%clk 0:07:33]} 1/2-1/2

[Event "Russian Women's Higher League 2021"]
[Site "?"]
[Date "2021.06.28"]
[Round "3.8"]
[White "Ovod, Evgenija"]
[Black "Zherebtsova, Alexandra"]
[Result "0-1"]
[WhiteElo "2322"]
[BlackElo "2155"]
[Annotator ""]
[Source ""]
[Remark ""]

1.e4 {[%clk 1:30:57]} e5 {[%clk 1:30:49]} 2.Nf3 {[%clk 1:31:21]}
Nc6 {[%clk 1:31:14]} 3.Bc4 {[%clk 1:31:46]} Bc5 {[%clk 1:31:29]}
4.O-O {[%clk 1:32:04]} Nf6 {[%clk 1:31:16]} 5.d3 {[%clk 1:32:24]}
O-O {[%clk 1:30:50]} 6.Nbd2 {[%clk 1:32:09]} d5 {[%clk 1:22:38]}
7.exd5 {[%clk 1:32:27]} Nxd5 {[%clk 1:23:02]} 8.Re1 {[%clk 1:32:36]}
Nb6 {[%clk 0:54:02]} 9.Bb3 {[%clk 1:24:34]} Bg4 {[%clk 0:50:52]}
10.h3 {[%clk 1:21:49]} Bh5 {[%clk 0:50:20]} 11.Ne4 {[%clk 1:20:58]}
Bd6 {[%clk 0:48:05]} 12.Bg5 {[%clk 0:52:49]} Qc8 {[%clk 0:42:21]}
13.Ng3 {[%clk 0:38:50]} Bxf3 {[%clk 0:39:43]} 14.Qxf3 {[%clk 0:39:06]}
Nd4 {[%clk 0:39:41]} 15.Qh5 {[%clk 0:39:18]} Nxb3 {[%clk 0:38:43]}
16.axb3 {[%clk 0:39:43]} f5 {[%clk 0:30:38]} 17.Bd2 {[%clk 0:39:57]}
Nd5 {[%clk 0:12:27]} 18.c4 {[%clk 0:16:30]} Ne7 {[%clk 0:11:38]}
19.c5 {[%clk 0:16:09]} Bxc5 {[%clk 0:11:58]} 20.Rxe5 {[%clk 0:16:35]}
Bd6 {[%clk 0:11:46]} 21.Rea5 {[%clk 0:17:01]} b6 {[%clk 0:10:06]}
22.Rxa7 {[%clk 0:16:51]} Rxa7 {[%clk 0:10:33]} 23.Rxa7 {[%clk 0:17:15]}
Qe6 {[%clk 0:09:36]} 24.Bc3 {[%clk 0:16:07]} Nd5 {[%clk 0:08:10]}
25.Qe2 {[%clk 0:15:23]} Qf7 {[%clk 0:05:16]} 26.Bd4 {[%clk 0:13:05]}
Nf4 {[%clk 0:03:02]} 27.Qc2 {[%clk 0:11:42]} b5 {[%clk 0:03:08]}
28.Qc6 {[%clk 0:01:08]} Qxb3 {[%clk 0:02:34]} 29.Qd7 {[%clk 0:00:58]}
Ne6 {[%clk 0:00:52]} 30.Bc3 {[%clk 0:00:48]} b4 {[%clk 0:01:02]}
31.Rb7 {[%clk 0:00:59]} Rd8 {[%clk 0:00:41]} 32.Qb5 {[%clk 0:01:00]}
Qd1+ {[%clk 0:00:58]} 33.Kh2 {[%clk 0:01:18]} bxc3 {[%clk 0:01:20]}
34.bxc3 {[%clk 0:01:26]} Bxg3+ {[%clk 0:01:28]} 35.fxg3 {[%clk 0:01:39]}
Qxd3 {[%clk 0:01:48]} 36.Qb3 {[%clk 0:01:35]} Qd5 {[%clk 0:02:04]}
37.c4 {[%clk 0:01:56]} Qe5 {[%clk 0:02:02]} 38.Rb5 {[%clk 0:01:45]}
c5 {[%clk 0:02:08]} 39.Rb6 {[%clk 0:00:48]} f4 {[%clk 0:02:22]}
40.gxf4 {[%clk 0:30:38]} Qxf4+ {[%clk 0:32:36]} 0-1

[Event "Russian Women's Higher League 2021"]
[Site "?"]
[Date "2021.06.28"]
[Round "3.9"]
[White "Voit, Daria"]
[Black "Mikheeva, Galina"]
[Result "1-0"]
[WhiteElo "2354"]
[BlackElo "1838"]
[Annotator ""]
[Source ""]
[Remark ""]

1.c4 {[%clk 1:30:56]} Nf6 {[%clk 1:30:52]} 2.Nc3 {[%clk 1:31:23]}
e6 {[%clk 1:31:14]} 3.e4 {[%clk 1:31:46]} d5 {[%clk 1:31:38]}
4.e5 {[%clk 1:32:13]} d4 {[%clk 1:31:55]} 5.exf6 {[%clk 1:32:40]}
dxc3 {[%clk 1:32:16]} 6.bxc3 {[%clk 1:33:08]} Qxf6 {[%clk 1:32:24]}
7.d4 {[%clk 1:33:35]} Bd6 {[%clk 1:27:54]} 8.Nf3 {[%clk 1:32:06]}
h6 {[%clk 1:28:11]} 9.Bd3 {[%clk 1:32:24]} Nc6 {[%clk 1:23:31]}
10.Rb1 {[%clk 1:21:12]} Rb8 {[%clk 1:21:47]} 11.O-O {[%clk 0:59:48]}
O-O {[%clk 1:11:18]} 12.Qe2 {[%clk 0:55:08]} Qd8 {[%clk 0:46:09]}
13.c5 {[%clk 0:37:00]} Be7 {[%clk 0:45:49]} 14.Bf4 {[%clk 0:37:24]}
Bf6 {[%clk 0:33:23]} 15.Qe4 {[%clk 0:34:01]} Re8 {[%clk 0:33:47]}
16.Qh7+ {[%clk 0:34:13]} Kf8 {[%clk 0:34:12]} 17.Rfe1 {[%clk 0:34:13]}
Ra8 {[%clk 0:23:04]} 18.Rbd1 {[%clk 0:29:58]} Ke7 {[%clk 0:19:29]}
19.d5 {[%clk 0:11:55]} Qxd5 {[%clk 0:19:48]} 20.Bxc7 {[%clk 0:12:07]}
Qxc5 {[%clk 0:18:18]} 21.Bf1 {[%clk 0:07:35]} Qh5 {[%clk 0:11:02]}
22.Bd6+ {[%clk 0:06:21]} Kd8 {[%clk 0:10:00]} 23.Ne5 {[%clk 0:06:14]}
Nxe5 {[%clk 0:03:34]} 24.Bxe5+ {[%clk 0:04:20]} Ke7 {[%clk 0:03:01]}
25.Bd6+ {[%clk 0:04:26]} Kd8 {[%clk 0:02:51]} 26.Qe4 {[%clk 0:03:04]}
a5 {[%clk 0:01:27]} 27.Qc4 {[%clk 0:02:09]} Rh8 {[%clk 0:00:38]}
28.Ba3+ {[%clk 0:01:36]} Bd7 {[%clk 0:00:39]} 29.Qa4 {[%clk 0:01:30]}
b5 {[%clk 0:00:38]} 30.Bxb5 {[%clk 0:01:48]} 1-0

[Event "Russian Women's Higher League 2021"]
[Site "?"]
[Date "2021.06.28"]
[Round "3.10"]
[White "Dimitrova, Aleksandra"]
[Black "Tomilova, Elena"]
[Result "1/2-1/2"]
[WhiteElo "2204"]
[BlackElo "2353"]
[Annotator ""]
[Source ""]
[Remark ""]

1.e4 {[%clk 1:30:58]} e6 {[%clk 1:30:55]} 2.d4 {[%clk 1:31:23]}
d5 {[%clk 1:31:22]} 3.Nd2 {[%clk 1:31:48]} c5 {[%clk 1:31:42]}
4.Ngf3 {[%clk 1:32:08]} Nc6 {[%clk 1:32:05]} 5.exd5 {[%clk 1:32:30]}
exd5 {[%clk 1:32:30]} 6.Bb5 {[%clk 1:32:52]} Qe7+ {[%clk 1:32:55]}
7.Be2 {[%clk 1:33:15]} Qc7 {[%clk 1:33:20]} 8.O-O {[%clk 1:33:38]}
Nf6 {[%clk 1:33:46]} 9.Re1 {[%clk 1:34:03]} Be6 {[%clk 1:34:12]}
10.Bd3 {[%clk 1:34:27]} O-O-O {[%clk 1:33:59]} 11.dxc5 {[%clk 1:34:48]}
Bxc5 {[%clk 1:34:21]} 12.Nb3 {[%clk 1:35:11]} Bb6 {[%clk 1:34:44]}
13.Be3 {[%clk 1:35:14]} Bxe3 {[%clk 1:32:29]} 14.Rxe3 {[%clk 1:35:32]}
d4 {[%clk 1:31:45]} 15.Re1 {[%clk 1:33:49]} Kb8 {[%clk 1:19:43]}
16.Bb5 {[%clk 1:18:04]} Bg4 {[%clk 1:17:31]} 17.Bxc6 {[%clk 1:13:28]}
bxc6 {[%clk 1:17:11]} 18.h3 {[%clk 0:52:42]} Bh5 {[%clk 1:11:43]}
19.Qd3 {[%clk 0:51:07]} c5 {[%clk 0:58:18]} 20.Ne5 {[%clk 0:37:35]}
Rd5 {[%clk 0:50:02]} 21.Na5 {[%clk 0:21:53]} Ka8 {[%clk 0:36:12]}
22.Nac4 {[%clk 0:20:23]} Bg6 {[%clk 0:26:21]} 23.Nxg6 {[%clk 0:13:27]}
hxg6 {[%clk 0:26:32]} 24.a4 {[%clk 0:13:11]} a6 {[%clk 0:16:56]}
25.a5 {[%clk 0:11:53]} Ka7 {[%clk 0:16:51]} 26.Ra3 {[%clk 0:08:11]}
g5 {[%clk 0:13:51]} 27.Rb3 {[%clk 0:04:35]} g4 {[%clk 0:14:08]}
28.Rb6 {[%clk 0:03:11]} gxh3 {[%clk 0:14:14]} 29.Ne5 {[%clk 0:02:19]}
h2+ {[%clk 0:11:40]} 30.Kh1 {[%clk 0:02:42]} c4 {[%clk 0:12:04]}
31.Qxc4 {[%clk 0:02:01]} Qxc4 {[%clk 0:11:57]} 32.Nxc4 {[%clk 0:02:29]}
Re8 {[%clk 0:07:05]} 33.Rxe8 {[%clk 0:02:40]} Nxe8 {[%clk 0:07:34]}
34.Kxh2 {[%clk 0:01:54]} Rc5 {[%clk 0:05:30]} 35.Rb4 {[%clk 0:01:07]}
Nc7 {[%clk 0:04:48]} 36.b3 {[%clk 0:01:03]} Nd5 {[%clk 0:03:35]}
37.Ra4 {[%clk 0:01:22]} Rc6 {[%clk 0:02:37]} 38.Ne5 {[%clk 0:00:58]}
Rxc2 {[%clk 0:01:50]} 39.Rxd4 {[%clk 0:01:16]} Nf6 {[%clk 0:01:52]}
40.f3 {[%clk 0:30:51]} Rc5 {[%clk 0:31:33]} 41.Nc4 {[%clk 0:26:47]}
Kb7 {[%clk 0:29:38]} 42.Kg3 {[%clk 0:23:55]} Kc7 {[%clk 0:29:43]}
43.Kf2 {[%clk 0:23:28]} Rb5 {[%clk 0:23:39]} 44.Rd3 {[%clk 0:21:30]}
Nd5 {[%clk 0:23:25]} 45.g3 {[%clk 0:20:22]} Nb4 {[%clk 0:21:36]}
46.Re3 {[%clk 0:12:16]} Nd5 {[%clk 0:20:40]} 47.Re5 {[%clk 0:11:02]}
Kc6 {[%clk 0:19:40]} 48.Rg5 {[%clk 0:10:08]} f6 {[%clk 0:18:09]}
49.Rxg7 {[%clk 0:07:29]} 1/2-1/2

[Event "Russian Women's Higher League 2021"]
[Site "?"]
[Date "2021.06.28"]
[Round "3.11"]
[White "Loskutova, Viktoriya"]
[Black "Dordzhieva, Dinara"]
[Result "0-1"]
[WhiteElo "2188"]
[BlackElo "2311"]
[Annotator ""]
[Source ""]
[Remark ""]

1.e4 {[%clk 1:30:59]} c5 {[%clk 1:30:57]} 2.Nf3 {[%clk 1:31:24]}
d6 {[%clk 1:31:23]} 3.d4 {[%clk 1:31:50]} cxd4 {[%clk 1:31:48]}
4.Nxd4 {[%clk 1:32:17]} Nf6 {[%clk 1:32:14]} 5.Nc3 {[%clk 1:32:43]}
a6 {[%clk 1:32:34]} 6.Be3 {[%clk 1:33:08]} e6 {[%clk 1:32:51]}
7.a3 {[%clk 1:33:34]} b5 {[%clk 1:30:51]} 8.g4 {[%clk 1:33:59]}
Bb7 {[%clk 1:26:19]} 9.Bg2 {[%clk 1:33:22]} Nfd7 10.g5 {[%clk 1:33:38]}
Be7 {[%clk 1:22:30]} 11.f4 {[%clk 1:32:52]} Nc6 {[%clk 1:21:03]}
12.Nxc6 {[%clk 1:26:42]} Bxc6 {[%clk 1:21:07]} 13.h4 {[%clk 1:23:21]}
a5 {[%clk 1:09:46]} 14.Ne2 {[%clk 1:15:55]} e5 {[%clk 0:57:21]}
15.f5 {[%clk 1:10:29]} h6 {[%clk 0:57:02]} 16.f6 {[%clk 0:55:04]}
gxf6 {[%clk 0:56:24]} 17.Ng3 {[%clk 0:55:23]} hxg5 {[%clk 0:50:31]}
18.Nf5 {[%clk 0:55:02]} Nc5 {[%clk 0:39:17]} 19.Bxc5 {[%clk 0:49:03]}
dxc5 {[%clk 0:39:29]} 20.Qg4 {[%clk 0:49:23]} c4 {[%clk 0:14:57]}
21.Rf1 {[%clk 0:23:32]} Rg8 {[%clk 0:12:02]} 22.Qh5 {[%clk 0:21:48]}
gxh4 {[%clk 0:08:54]} 23.Bh3 {[%clk 0:18:31]} Bf8 {[%clk 0:05:13]}
24.Qxh4 {[%clk 0:12:13]} Rg6 {[%clk 0:05:14]} 25.Qh8 {[%clk 0:11:03]}
Bxe4 {[%clk 0:04:02]} 26.Rd1 {[%clk 0:11:23]} Qb6 {[%clk 0:04:12]}
27.Nd6+ {[%clk 0:04:26]} Ke7 {[%clk 0:04:39]} 28.Ke2 {[%clk 0:04:44]}
Bxc2 {[%clk 0:04:09]} 29.Nf5+ {[%clk 0:02:05]} Ke8 {[%clk 0:02:00]}
30.Nd6+ {[%clk 0:02:28]} Ke7 {[%clk 0:02:28]} 31.Nf5+ {[%clk 0:02:52]}
Bxf5 {[%clk 0:02:22]} 32.Bxf5 {[%clk 0:02:56]} Rg2+ {[%clk 0:02:50]}
33.Kf3 {[%clk 0:03:19]} Rg5 {[%clk 0:02:48]} 34.Qh3 {[%clk 0:00:56]}
Rd8 {[%clk 0:02:42]} 35.Ke2 {[%clk 0:01:08]} Rd4 {[%clk 0:02:28]}
36.Qf3 {[%clk 0:00:52]} Bh6 {[%clk 0:01:53]} 37.Qh3 {[%clk 0:00:38]}
Bg7 {[%clk 0:01:02]} 38.Qf3 {[%clk 0:00:52]} b4 {[%clk 0:00:40]}
39.Rxd4 {[%clk 0:00:47]} exd4 {[%clk 0:00:40]} 40.Qe4+ {[%clk 0:30:55]}
Kd6 {[%clk 0:30:36]} 41.Qf4+ {[%clk 0:23:18]} Kc5 {[%clk 0:30:36]}
42.axb4+ {[%clk 0:23:39]} Kxb4 {[%clk 0:27:15]} 43.Rd1 {[%clk 0:21:43]}
Rxf5 {[%clk 0:20:44]} 44.Qxf5 {[%clk 0:22:05]} Qe6+ {[%clk 0:21:02]}
45.Qxe6 {[%clk 0:22:31]} d3+ {[%clk 0:21:19]} 0-1

[Event "Russian Women's Higher League 2021"]
[Site "?"]
[Date "2021.06.28"]
[Round "3.12"]
[White "Solozhenkina, Elizaveta"]
[Black "Yakimova, Mariya"]
[Result "1-0"]
[WhiteElo "2306"]
[BlackElo "2200"]
[Annotator ""]
[Source ""]
[Remark ""]

1.d4 Nf6 {[%clk 1:27:38]} 2.c4 {[%clk 1:31:16]} e6 {[%clk 1:18:33]}
3.Nf3 {[%clk 1:31:36]} b6 {[%clk 1:18:59]} 4.g3 {[%clk 1:31:57]}
Bb7 {[%clk 1:19:25]} 5.Bg2 {[%clk 1:32:18]} Be7 {[%clk 1:19:31]}
6.O-O {[%clk 1:32:41]} O-O {[%clk 1:19:57]} 7.Nc3 {[%clk 1:33:03]}
Ne4 {[%clk 1:19:40]} 8.Bd2 {[%clk 1:33:21]} f5 {[%clk 1:16:20]}
9.d5 {[%clk 1:15:40]} Bf6 {[%clk 1:02:42]} 10.Rc1 {[%clk 1:12:04]}
Na6 {[%clk 1:01:14]} 11.Ne1 {[%clk 1:07:58]} Nd6 {[%clk 0:51:00]}
12.b3 {[%clk 1:06:45]} Nc5 {[%clk 0:43:52]} 13.Be3 {[%clk 1:02:01]}
Nce4 {[%clk 0:34:39]} 14.Nxe4 {[%clk 1:00:39]} Nxe4 {[%clk 0:35:02]}
15.Qd3 {[%clk 0:46:05]} Re8 {[%clk 0:28:50]} 16.Nf3 {[%clk 0:39:22]}
c5 {[%clk 0:22:15]} 17.Nd2 {[%clk 0:31:50]} exd5 {[%clk 0:21:31]}
18.cxd5 {[%clk 0:32:06]} Nxd2 {[%clk 0:21:12]} 19.Bxd2 {[%clk 0:31:11]}
d6 {[%clk 0:19:38]} 20.e4 {[%clk 0:27:28]} fxe4 {[%clk 0:12:18]}
21.Bxe4 {[%clk 0:27:51]} g6 {[%clk 0:12:00]} 22.Rfe1 {[%clk 0:27:41]}
Qd7 {[%clk 0:12:04]} 23.h4 {[%clk 0:24:06]} Qg7 {[%clk 0:09:04]}
24.Bg2 {[%clk 0:20:25]} Qf7 {[%clk 0:06:57]} 25.Bf4 {[%clk 0:15:38]}
Rad8 {[%clk 0:04:00]} 26.Re6 {[%clk 0:10:16]} Bd4 {[%clk 0:04:24]}
27.Rce1 {[%clk 0:09:41]} Bc8 {[%clk 0:03:02]} 28.Bh3 {[%clk 0:08:59]}
Kg7 {[%clk 0:02:09]} 29.Qd2 {[%clk 0:03:52]} Bxe6 {[%clk 0:01:42]}
30.dxe6 {[%clk 0:03:57]} Qe7 {[%clk 0:01:11]} 31.Re4 {[%clk 0:04:00]}
Bf6 {[%clk 0:00:38]} 32.Bh6+ {[%clk 0:03:58]} Kg8 {[%clk 0:00:36]}
33.Qd5 {[%clk 0:04:14]} Rc8 {[%clk 0:00:36]} 34.Rf4 {[%clk 0:03:59]}
b5 {[%clk 0:00:33]} 35.Bg5 {[%clk 0:01:23]} Bxg5 {[%clk 0:00:54]}
36.hxg5 {[%clk 0:01:38]} c4 {[%clk 0:00:58]} 37.Rf7 {[%clk 0:01:12]}
c3 {[%clk 0:00:45]} 38.Qd4 {[%clk 0:01:38]} Qxf7 {[%clk 0:00:55]}
39.exf7+ {[%clk 0:01:58]} Kxf7 {[%clk 0:01:22]} 40.Bxc8 {[%clk 0:31:46]}
Rxc8 {[%clk 0:30:44]} 41.Qf6+ {[%clk 0:15:07]} Ke8 {[%clk 0:30:35]}
42.Qe6+ {[%clk 0:15:33]} Kd8 {[%clk 0:30:59]} 43.Qxd6+ {[%clk 0:16:00]}
Ke8 {[%clk 0:31:25]} 44.Qe5+ {[%clk 0:16:13]} Kd7 {[%clk 0:29:40]}
45.Qxb5+ {[%clk 0:16:35]} Rc6 {[%clk 0:30:08]} 46.Qd3+ {[%clk 0:16:37]}
Kc7 {[%clk 0:30:35]} 47.Qc2 {[%clk 0:16:55]} 1-0

[Event "Russian Women's Higher League 2021"]
[Site "?"]
[Date "2021.06.28"]
[Round "3.13"]
[White "Filippova, Margarita"]
[Black "Borisova, Ekaterina"]
[Result "0-1"]
[WhiteElo "2075"]
[BlackElo "2304"]
[Annotator ""]
[Source ""]
[Remark ""]

1.Nf3 {[%clk 1:30:57]} Nf6 {[%clk 1:30:56]} 2.c4 {[%clk 1:31:23]}
g6 {[%clk 1:31:20]} 3.Nc3 {[%clk 1:31:47]} Bg7 {[%clk 1:31:48]}
4.e4 {[%clk 1:32:08]} e5 {[%clk 1:32:16]} 5.d4 {[%clk 1:30:39]}
exd4 {[%clk 1:32:40]} 6.Nxd4 {[%clk 1:31:03]} O-O {[%clk 1:33:08]}
7.Be2 {[%clk 1:29:14]} Re8 {[%clk 1:33:29]} 8.f3 {[%clk 1:28:17]}
c6 {[%clk 1:33:55]} 9.O-O {[%clk 1:17:06]} d5 {[%clk 1:34:17]}
10.cxd5 {[%clk 1:13:41]} cxd5 {[%clk 1:34:39]} 11.Bb5 {[%clk 1:11:09]}
Nc6 {[%clk 1:29:01]} 12.Bg5 {[%clk 1:01:19]} a6 {[%clk 1:09:08]}
13.Bxc6 {[%clk 0:57:01]} bxc6 {[%clk 1:09:31]} 14.Kh1 {[%clk 0:56:20]}
Qd6 {[%clk 1:02:19]} 15.Nb3 {[%clk 0:51:18]} a5 {[%clk 0:59:37]}
16.exd5 {[%clk 0:40:50]} Nxd5 {[%clk 0:55:36]} 17.Ne4 {[%clk 0:39:46]}
Qc7 {[%clk 0:52:15]} 18.Rc1 {[%clk 0:38:24]} h6 {[%clk 0:40:17]}
19.Bxh6 {[%clk 0:28:42]} Bxh6 {[%clk 0:40:32]} 20.Qxd5 {[%clk 0:25:27]}
Bxc1 {[%clk 0:40:54]} 21.Nf6+ {[%clk 0:24:14]} Kf8 {[%clk 0:41:09]}
22.Nxe8 {[%clk 0:22:41]} Qxh2+ {[%clk 0:40:43]} 23.Kxh2 {[%clk 0:23:07]}
Bf4+ {[%clk 0:41:08]} 24.g3 {[%clk 0:21:48]} cxd5 {[%clk 0:41:12]}
25.Nf6 {[%clk 0:18:49]} Be5 {[%clk 0:36:06]} 26.Nxd5 {[%clk 0:19:09]}
a4 {[%clk 0:34:49]} 27.Nd2 {[%clk 0:17:39]} Ra5 {[%clk 0:32:05]}
28.Nb6 {[%clk 0:14:50]} Be6 {[%clk 0:28:37]} 29.Nbc4 {[%clk 0:12:35]}
Rd5 {[%clk 0:28:16]} 30.Ne4 {[%clk 0:11:41]} Bd4 {[%clk 0:28:39]}
31.g4 {[%clk 0:09:51]} Rb5 {[%clk 0:26:39]} 32.Ned6 {[%clk 0:08:19]}
Rb4 {[%clk 0:25:51]} 33.Rd1 {[%clk 0:07:01]} Bxb2 {[%clk 0:24:34]}
34.Rd2 {[%clk 0:04:06]} a3 {[%clk 0:23:37]} 35.Rc2 {[%clk 0:03:56]}
Ke7 {[%clk 0:23:53]} 36.Kg3 {[%clk 0:03:20]} g5 {[%clk 0:15:40]}
37.Nf5+ {[%clk 0:02:50]} Kf6 {[%clk 0:15:55]} 38.Nce3 {[%clk 0:02:56]}
Be5+ {[%clk 0:16:15]} 39.Kh3 {[%clk 0:03:15]} Rb2 {[%clk 0:16:33]}
40.Ng3 {[%clk 0:32:38]} Rxa2 {[%clk 0:45:14]} 41.Rc6 {[%clk 0:31:35]}
Bxg3 {[%clk 0:40:13]} 42.Kxg3 {[%clk 0:31:59]} Ra1 {[%clk 0:40:39]}
43.Ra6 {[%clk 0:30:00]} a2 {[%clk 0:40:00]} 44.Nc2 {[%clk 0:29:59]}
Rc1 {[%clk 0:40:19]} 0-1